Statistics for "General Knowledge"

Click here to take the quiz!

General Stats

  • This quiz has been taken 8 times
  • The average score is 4 of 15

Answer Stats

HintAnswer% Correct
Who played Cedric Diggory in the Harry Potter movies?Robert Pattinson
57%
What is the flab on your elbow called?Weenus
57%
In which year did Serena Williams win her first Grand Slam singles title?1999
43%
What is the capital city of Bhutan?Thimpu
43%
What is the name of the largest moon of Jupiter?Ganymede
29%
Who was the 24th president of the United States?Grover Cleveland
29%
What ship exploded in Cuba in 1898?USS Maine
29%
About how many words does the Rosetta Stone have?1600
14%
In what episode of the anime "One Piece" was Gear 3 introduced?305
14%
On average, how much does a cloud weigh?about 1 million tons
14%
What Pokemon is Pokedex number 453?Croagunk
14%
What is the 8th amendment of the United States constitution for?Cruel & Unusual punishment
14%
Where did Mark Zuckerberg live as a child?Dobbs Ferry, New York
14%
What is the name of Jackie Robinson's daughter?Sharon Robinson
14%
Which African country was the setting for Tatooine in Star Wars?Tunisia
14%

Score Distribution

Percentile by Number Answered

Percent of People with Each Score

Your Score History

You have not taken this quiz